00269nam a2200109Ia 4500008004100000041000800041082001000049100001400059245004300073260003000116650001300146240830s1993 xx 000 0 und d aeng a0 DAW aDAWN C.S. aTEXT BOOK OF OBSTERICS AND NEONATOLOGY bDAWN BOOKS CALCUTTAc1993 aSTRI-ROG